| 000 | 00753nam a22002537a 4500 | ||
|---|---|---|---|
| 003 | 330010 | ||
| 005 | 20260625152314.0 | ||
| 008 | 241007b sa ||||| |||| 00| 0 eng d | ||
| 020 |
_a9780627026225 _qpbk |
||
| 040 | _c3228 | ||
| 041 | _2E | ||
| 082 | _a658.155 YOUN | ||
| 100 | _a Young, Jackie | ||
| 245 |
_aOperational risk management : _bthe practical application of a qualitative approach/ _cJackie Young. |
||
| 260 |
_aHatfield, Pretoria: _bVan Schaik publishers; _c2006. |
||
| 300 |
_axii, 138 pages .: _c24 cm . |
||
| 650 |
_vRisk management _xProduction management _zSouth Africa |
||
| 942 |
_w1267 _xNontokozo Mazibuko _y367 _zEllen Msibi |
||
| 942 | _2ddc | ||
| 942 | _2ddc | ||
| 942 | _2ddc | ||
| 942 | _2ddc | ||
| 942 |
_2ddc _cBOOK |
||
| 999 |
_c768487 _d768486 |
||